Statistics for Greater Manchester Towns

Click here to take the quiz!

General Stats

  • This quiz has been taken 269 times
    (245 since last reset)
  • The average score is 19 of 60

Answer Stats

BoroughAnswer% Correct
TraffordSale
59%
TraffordAltrincham
55%
SalfordEccles
51%
TamesideAshton-under-Lyne
50%
TraffordStretford
50%
SalfordSwinton & Pendlebury
48%
StockportCheadle & Gatley
46%
TamesideHyde
46%
WiganLeigh
44%
RochdaleMiddleton
42%
BuryPrestwich
41%
TraffordUrmston
41%
TamesideStalybridge
39%
TamesideDenton
38%
StockportHazel Grove & Bramhall
38%
StockportBredbury & Romiley
37%
TraffordHale
37%
BoltonHorwich
37%
StockportMarple
37%
TamesideAudenshaw
36%
SalfordIrlam
36%
BuryRadcliffe
36%
BuryWhitefield
36%
SalfordWorsley
36%
OldhamFailsworth
35%
WiganAshton in Makerfield
34%
OldhamChadderton
34%
TamesideDroylsden
34%
BuryRamsbottom
34%
TamesideMossley
33%
BoltonWesthoughton
31%
BoltonFarnworth
30%
BoltonLittle Lever
30%
OldhamSaddleworth
30%
WiganAtherton
29%
TamesideDukinfield
29%
OldhamRoyton
29%
TraffordBowdon
27%
ManchesterRingway
26%
BoltonBlackrod
25%
BoltonKearsley
25%
RochdaleMilnrow
25%
OldhamCrompton
24%
OldhamLees
24%
RochdaleLittleborough
24%
TamesideLongdendale
24%
RochdaleHeywood
23%
WiganBillinge & Winstanley
22%
WiganOrrell
22%
WiganHindley
21%
WiganInce in Makerfield
21%
WiganTyldesley
20%
WiganGolborne
19%
WiganAbram
18%
BuryTottington
18%
TraffordBucklow
17%
WiganStandish-with-Langtree
17%
BoltonTurton
14%
RochdaleWardle
14%
WiganAspull
13%

Score Distribution

Percentile by Number Answered

Percent of People with Each Score

Your Score History

You have not taken this quiz since the last reset